Statistics for Nathan Lane films

Click here to take the quiz!

General Stats

  • This quiz has been taken 9 times
  • The average score is 6 of 13

Answer Stats

HintAnswer% Correct
Timon and PumbaaThe Lion King
100%
Two brothers inherit a house, with a pesky little occupantMouseHunt
83%
Where Nathan Lane and Matthew Broderick are...The Producers
83%
Snowbell the cat doesn't take kindly to his family's newest memberStuart Little
67%
'Box office bomb' Christmas fantasy film, based on a balletThe Nutcracker in 3D
67%
Animated film adaptation of the Manga series by Osamu TezukaAstro Boy
50%
The US presidential election is determined by one manSwing Vote
50%
"We don't know where we our until we hear our last name pronounced!"The Birdcage
50%
A strange family must save a relative from a serial killer named 'Black Widow'Addams Family Values
33%
Tom Hanks decides to sacrifice himself to save a South Pacific islandJoe Versus the Volcano
33%
Film adaptation of alliterative Shakespeare comic playLove's Labour's Lost
17%
A blind man struggles to adjust to life after his sight is restoredAt First Sight
0%
The story of a homeless couple in the Great DepressionIronweed
0%

Score Distribution

Percentile by Number Answered

Percent of People with Each Score

Your Score History

You have not taken this quiz